000 01068cam a22003257a 4500
003 CHAP
005 20220329140655.0
008 971013s1980 r 00010 d
010 _a55805
011 _a56777
035 _a60930
040 _cCHAP
082 _a635
_bS49Y
100 0 0 _aSeymour, John.
_9105433
245 1 3 _aEl horticultor autosuficiente
260 _aBarcelona :
_bBlume,
_c1980
300 _a256 p.
_b: ilus.
490 0 _aGuía práctica ilustrada
_v; 2
590 _aBATCH-UPD
_b10
_c20130110
_lUCH01
_h0756
590 _aBATCH-UPD
_b10
_c20130410
_lUCH01
_h0435
590 _aBATCH-UPD
_b10
_c20130914
_lUCH01
_h1623
590 _aCONVERSION
_b10
_c20130109
_lUCH01
_h1330
650 1 4 _aHorticultura.
_956291
830 0 _aGuía práctica ilustrada
_v; 2
_951496
901 _aBK
942 _cLIBRO
949 _a635 S49Y
_bBC
_cLIBRO
_d33724000056545
_eLIBRO
_fc.2
_h78978
_i60930
_si
949 _a635 S49Y
_bBC
_cLIBRO
_d33724000882627
_eLIBRO
_fc.3
_gDonaciØn
_h103725
_i60930
_si
949 _a635 S49Y
_bBC
_cLIBRO
_d33724000921193
_eLIBRO
_h55541
_i60930
_si
999 _c55805
_d55805